[Event "Mezinarodni sachovy festival PLZEN 2023 – CALLIDITAS OPEN"]
[Site "Plzen (Ceska republika)"]
[Date "2023.08.21"]
[Round "4.12"]
[White "Mutinsky, Jakub"]
[Black "Chudek, Lubomir"]
[Result "1-0"]
[WhiteElo "1658"]
[BlackElo "1748"]
[PlyCount "95"]
[EventDate "2023.08.19"]

1. d4 Nf6 2. Nf3 g6 3. Bg5 Bg7 4. Nbd2 d5 5. e3 O-O 6. Be2 Nbd7 7. O-O c5 8. c3 c4 9. a4 h6 10. Bh4 g5 11. Bg3 Nh5 12. e4 Nxg3 13. hxg3 e6 14. e5 Qb6 15. Qc2 a5 16. Rfe1 f6 17. exf6 Bxf6 18. Nh2 Bg7 19. Bf3 Nf6 20. Re3 Bd7 21. Rae1 Rae8 22. Ng4 Nxg4 23. Bxg4 Rf6 24. Nf3 Ref8 25. R3e2 Qc6 26. b3 cxb3 27. Qxb3 Bc8 28. Ne5 Qe8 29. Nd3 h5 30. Bf3 Qg6 31. Re3 g4 32. Bd1 Bh6 33. Ne5 Qe8 34. R3e2 Bg7 35. Bc2 Rh6 36. Qb1 Bxe5 37. Rxe5 Qf7 38. R1e2 Qf6 39. Qc1 Kh8 40. Qe3 h4 41. Bd3 Bd7 42. c4 hxg3 43. Qxg3 dxc4 44. Bxc4 Rc8 45. Bb3 Rc1+ 46. Re1 Rxe1+ 47. Rxe1 Qxd4 48. Qb8+ 1-0

[Event "Mezinarodni sachovy festival PLZEN 2023 – CALLIDITAS OPEN"]
[Site "Plzen (Ceska republika)"]
[Date "2023.08.21"]
[Round "4.13"]
[White "Zoufaly, Petr"]
[Black "Soutner, Jaroslav"]
[Result "1-0"]
[WhiteElo "1603"]
[BlackElo "1695"]
[PlyCount "107"]
[EventDate "2023.08.19"]

1. d4 Nf6 2. c4 e6 3. Nf3 d5 4. e3 c5 5. cxd5 exd5 6. dxc5 Bxc5 7. Bb5+ Bd7 8. Bd3 O-O 9. O-O Nc6 10. a3 Bg4 11. Qc2 Bb6 12. Nbd2 Rc8 13. Qb1 Qd6 14. Bf5 Bxf5 15. Qxf5 Bc7 16. g3 Rfe8 17. b4 Ne4 18. Bb2 Qe6 19. Qxe6 Rxe6 20. Nxe4 dxe4 21. Nd4 Nxd4 22. Bxd4 Be5 23. Rac1 Rxc1 24. Rxc1 f5 25. Bxa7 Ra6 26. Bb8 Bxb8 27. Rc8+ Kf7 28. Rxb8 Rb6 29. Kg2 Kg6 30. f3 exf3+ 31. Kxf3 Kh5 32. Ra8 Rb5 33. e4 fxe4+ 34. Kxe4 Kg4 35. Rf8 g5 36. Kd4 Kh3 37. Rf2 h5 38. Kc4 Re5 39. a4 h4 40. gxh4 Re4+ 41. Kb5 Rxh4 42. Rb2 Rg4 43. Kb6 Rg2 44. Rb3+ Kxh2 45. Kxb7 Rf2 46. a5 g4 47. b5 Rf3 48. Rb4 Kh3 49. Rxg4 Kxg4 50. b6 Kf5 51. a6 Ke6 52. a7 Rf7+ 53. Kc6 Rd7 54. a8=Q 1-0

[Event "Mezinarodni sachovy festival PLZEN 2023 – CALLIDITAS OPEN"]
[Site "Plzen (Ceska republika)"]
[Date "2023.08.21"]
[Round "4.14"]
[White "Hodl, Vojtech"]
[Black "Sladek, Jaroslav"]
[Result "1-0"]
[WhiteElo "1352"]
[BlackElo "1840"]
[PlyCount "57"]
[EventDate "2023.08.19"]

1. e4 e5 2. Nc3 Be7 3. Bc4 Nf6 4. f4 d6 5. Nf3 Nc6 6. d3 Bg4 7. Bb5 O-O 8. Bxc6 bxc6 9. h3 Bxf3 10. Qxf3 Rb8 11. fxe5 dxe5 12. O-O Bc5+ 13. Kh1 Ne8 14. Na4 Bb6 15. Qg3 f6 16. Rf5 Kh8 17. Rh5 g5 18. h4 Ng7 19. Rh6 g4 20. Qxg4 Qe7 21. Qg6 Ne8 22. Bd2 Rg8 23. Qh5 Qg7 24. g4 Rd8 25. Nxb6 cxb6 26. g5 Rd7 27. g6 Nd6 28. Rg1 f5 29. Rxh7+ 1-0

[Event "Mezinarodni sachovy festival PLZEN 2023 – CALLIDITAS OPEN"]
[Site "Plzen (Ceska republika)"]
[Date "2023.08.21"]
[Round "4.15"]
[White "Krisman, Ondrej"]
[Black "Dolezal, Eduard"]
[Result "1-0"]
[WhiteElo "1603"]
[BlackElo "1151"]
[PlyCount "91"]
[EventDate "2023.08.19"]

1. e4 c5 2. Nf3 d6 3. d4 cxd4 4. Nxd4 Nf6 5. Nc3 g6 6. Be3 a6 7. Qd2 Bg7 8. Be2 Bd7 9. Bh6 O-O 10. Bxg7 Kxg7 11. O-O-O Nc6 12. f4 b5 13. Bf3 Qc7 14. a3 Rac8 15. Rhe1 Nxd4 16. Qxd4 Qc5 17. e5 Qxd4 18. Rxd4 Ne8 19. exd6 Nxd6 20. Rxe7 Nf5 21. Rdxd7 Nxe7 22. Rxe7 Rb8 23. Ra7 b4 24. axb4 Rxb4 25. f5 Rfb8 26. fxg6 hxg6 27. b3 Rc8 28. Kb2 g5 29. Rxa6 g4 30. Bd5 Rf4 31. Ra4 Rf2 32. Rxg4+ Kf8 33. Rg3 Ke7 34. Rf3 Rd2 35. Rxf7+ Ke8 36. Rg7 Rxc3 37. Bf7+ Kf8 38. Kxc3 Kxg7 39. Kxd2 Kxf7 40. Kd3 Ke6 41. h4 Kf5 42. h5 Kg5 43. g4 Kxg4 44. h6 Kg5 45. h7 Kg6 46. h8=R 1-0

[Event "Mezinarodni sachovy festival PLZEN 2023 – CALLIDITAS OPEN"]
[Site "Plzen (Ceska republika)"]
[Date "2023.08.21"]
[Round "4.16"]
[White "Jezek, Jakub"]
[Black "Mojzisova, Barbora"]
[Result "1-0"]
[WhiteElo "1583"]
[BlackElo "1119"]
[PlyCount "95"]
[EventDate "2023.08.19"]

1. d4 d5 2. Nf3 Nf6 3. c4 e6 4. g3 b6 5. Bg2 Bb7 6. O-O Be7 7. Nc3 O-O 8. cxd5 exd5 9. Bf4 Bd6 10. Rc1 Bxf4 11. gxf4 Nbd7 12. Ne5 Rc8 13. Nb5 a6 14. Na7 Ra8 15. Nac6 Bxc6 16. Nxc6 Qe8 17. Ne5 Rc8 18. Bh3 Kh8 19. Qa4 Nxe5 20. Qxe8 Rcxe8 21. fxe5 Nh5 22. Rxc7 Nf4 23. Bg4 f5 24. Bf3 Ne6 25. Rd7 Nxd4 26. Rxd5 Nxf3+ 27. exf3 Re6 28. Rc1 g5 29. Kg2 Rfe8 30. Re1 Kg7 31. Kg3 Kg6 32. f4 h6 33. fxg5 hxg5 34. f4 Kh5 35. fxg5 Kxg5 36. h4+ Kh5 37. Kf4 R8e7 38. Kxf5 Kxh4 39. Re4+ Kg3 40. Rd6 Rxd6 41. exd6 Rd7 42. Ke6 Rd8 43. Ke7 Ra8 44. Rc4 Kf3 45. Rc7 Ke4 46. d7 Ke5 47. d8=Q Rxd8 48. Kxd8 1-0

[Event "Mezinarodni sachovy festival PLZEN 2023 – CALLIDITAS OPEN"]
[Site "Plzen (Ceska republika)"]
[Date "2023.08.21"]
[Round "4.19"]
[White "Konig, Vlastislav"]
[Black "Zelenka, Tomas"]
[Result "1/2-1/2"]
[WhiteElo "1514"]
[BlackElo "1280"]
[PlyCount "84"]
[EventDate "2023.08.19"]

1. e4 c5 2. Nf3 Nc6 3. d4 cxd4 4. Nxd4 d6 5. Bc4 g6 6. O-O Nf6 7. Nxc6 bxc6 8. e5 Ne4 9. Bxf7+ Kxf7 10. Qf3+ Bf5 11. g4 e6 12. gxf5 gxf5 13. Qh5+ Ke7 14. Qh4+ Kd7 15. Qxd8+ Rxd8 16. Rd1 Rg8+ 17. Kf1 Kc8 18. Be3 dxe5 19. Rxd8+ Kxd8 20. Bxa7 c5 21. Na3 Kc7 22. Nc4 Kc6 23. a4 Bh6 24. a5 Bd2 25. Nxe5+ Kb7 26. Bb6 Bf4 27. Nf3 e5 28. Rd1 Kc6 29. Nh4 Bxh2 30. Nxf5 Rg1+ 31. Ke2 Rxd1 32. Kxd1 Nxf2+ 33. Ke2 Ng4 34. Ne7+ Kb5 35. c4+ Ka6 36. Nd5 h5 37. Bxc5 h4 38. b4 h3 39. Kf3 Nh6 40. Bb6 Bf4 41. b5+ Kb7 42. a6+ Kc8 1/2-1/2

[Event "Mezinarodni sachovy festival PLZEN 2023 – CALLIDITAS OPEN"]
[Site "Plzen (Ceska republika)"]
[Date "2023.08.21"]
[Round "4.20"]
[White "Krivka, Lukas"]
[Black "Koutecka, Magdalena"]
[Result "1-0"]
[WhiteElo "1380"]
[BlackElo "1125"]
[PlyCount "43"]
[EventDate "2023.08.19"]

1. d4 d5 2. Nc3 Nf6 3. Bf4 a6 4. Nf3 Nc6 5. e3 Bg4 6. h3 Bh5 7. Be2 e6 8. a3 Bd6 9. Bxd6 Qxd6 10. O-O O-O 11. Nd2 Bg6 12. Bd3 e5 13. Bxg6 fxg6 14. Nf3 e4 15. Nd2 Ne7 16. Ne2 c5 17. c4 cxd4 18. Nxd4 Rad8 19. cxd5 Nexd5 20. Qb3 Kh8 21. Nc4 Rfe8 22. Nxd6 1-0

[Event "Mezinarodni sachovy festival PLZEN 2023 – CALLIDITAS OPEN"]
[Site "Plzen (Ceska republika)"]
[Date "2023.08.21"]
[Round "4.21"]
[White "Souralova, Venuse"]
[Black "Fakan, Petr"]
[Result "1-0"]
[WhiteElo "1405"]
[BlackElo "1240"]
[PlyCount "33"]
[EventDate "2023.08.19"]

1. c4 e6 2. Nf3 d5 3. cxd5 exd5 4. e3 Nf6 5. Be2 Nc6 6. O-O Bd6 7. Nc3 Be6 8. a3 Qd7 9. b4 a6 10. Bb2 O-O-O 11. b5 Ne5 12. bxa6 Nxf3+ 13. Bxf3 bxa6 14. Qe2 Qc6 15. Rfc1 g5 16. Nxd5 Bxh2+ 17. Kh1 1-0

[Event "Mezinarodni sachovy festival PLZEN 2023 – CALLIDITAS OPEN"]
[Site "Plzen (Ceska republika)"]
[Date "2023.08.21"]
[Round "4.22"]
[White "Tykalova, Barbora"]
[Black "Koutecky, Vaclav"]
[Result "1-0"]
[WhiteElo "1154"]
[BlackElo "1307"]
[PlyCount "29"]
[EventDate "2023.08.19"]

{[%evp 0,29,42,28,36,42,25,12,5,-26,-10,-15,-2,-2,-2,-2,-2,-94,-90,-105,-101,-117,-93,-274,-44,-44,72,29,29,29,93,93]} 1. e4 e5 2. Nf3 Nc6 3. d4 exd4 4. Bc4 Bc5 5. c3 Nf6 6. cxd4 Bb4+ 7. Nc3 Nxe4 8. Qe2 d5 9. Bd3 Bf5 10. O-O O-O 11. Nxe4 Bxe4 12. Bxe4 Re8 13. Bxh7+ Kxh7 14. Ng5+ Kg8 15. Qh5 1-0

[Event "Mezinarodni sachovy festival PLZEN 2023 – CALLIDITAS OPEN"]
[Site "Plzen (Ceska republika)"]
[Date "2023.08.21"]
[Round "4.23"]
[White "Roubal, Frantisek"]
[Black "Tirb, Alexej"]
[Result "1-0"]
[WhiteElo "1293"]
[BlackElo "1213"]
[PlyCount "79"]
[EventDate "2023.08.19"]

1. d4 d5 2. Bf4 Nf6 3. Nf3 Bf5 4. e3 e6 5. h3 Bd6 6. Bxd6 Qxd6 7. c3 Nc6 8. Bd3 Bg6 9. Qc2 Bxd3 10. Qxd3 O-O 11. Nbd2 h6 12. O-O Rfe8 13. Rfe1 a6 14. e4 dxe4 15. Nxe4 Nxe4 16. Rxe4 e5 17. Rae1 Re7 18. Qe2 Rae8 19. Nxe5 Nxe5 20. Rxe5 Rxe5 21. dxe5 Qe7 22. Kf1 f6 23. exf6 Qxe2+ 24. Rxe2 Rxe2 25. Kxe2 gxf6 26. Ke3 Kf7 27. Kf4 b6 28. g4 a5 29. Kf5 c6 30. h4 a4 31. a3 b5 32. f4 c5 33. g5 hxg5 34. fxg5 fxg5 35. hxg5 c4 36. Ke5 Ke7 37. Kd5 Kd7 38. Kc5 Kd8 39. Kxb5 Ke7 40. Kxa4 1-0

[Event "Mezinarodni sachovy festival PLZEN 2023 – CALLIDITAS OPEN"]
[Site "Plzen (Ceska republika)"]
[Date "2023.08.23"]
[Round "6.1"]
[White "Eret, Matous"]
[Black "Vilimek, Vit"]
[Result "1-0"]
[WhiteElo "2321"]
[BlackElo "2067"]
[PlyCount "67"]
[EventDate "2023.08.19"]

{[%evp 0,67,36,-7,-2,-22,0,13,5,4,-3,-12,-12,-26,-7,-44,-41,-64,-34,-84,-81,-89,-57,-50,-39,-61,-59,-59,-59,-41,-52,-87,-23,-100,-124,-178,-74,-127,-60,-59,-57,-51,-48,-76,-92,-72,-17,-55,9,19,126,136,467,521,639,571,737,737,963,1124,1419,1879,2029,1138,29981,2098,29983,29984,29985,29986]} 1. a3 e5 2. c4 d5 3. cxd5 Nf6 4. e3 Nxd5 5. Nf3 Bd6 6. Qc2 O-O 7. h4 Nc6 8. Ng5 g6 9. Bc4 Nb6 10. Ba2 Bf5 11. Ne4 Re8 12. d3 Be7 13. h5 Qd7 14. Nbd2 Rad8 15. Ke2 Nd5 16. Bxd5 Qxd5 17. b3 Be6 18. Bb2 f5 19. Nc3 Qd7 20. hxg6 hxg6 21. Nf3 Bf6 22. Na4 Bf7 23. Nc5 Qd5 24. Rac1 b6 25. Na6 e4 26. Bxf6 Be6 27. dxe4 Qb5+ 28. Ke1 Bxb3 29. Ng5 Kf8 30. Rh8+ Bg8 31. Qxc6 Rd1+ 32. Kxd1 Qf1+ 33. Kd2 Qxf2+ 34. Kd3 1-0

[Event "Mezinarodni sachovy festival PLZEN 2023 – CALLIDITAS OPEN"]
[Site "Plzen (Ceska republika)"]
[Date "2023.08.23"]
[Round "6.2"]
[White "Hladun, Bartlomiej"]
[Black "Klement, Lukas"]
[Result "0-1"]
[WhiteElo "1632"]
[BlackElo "2304"]
[PlyCount "112"]
[EventDate "2023.08.19"]

1. Nf3 Nf6 2. d4 g6 3. c4 Bg7 4. g3 O-O 5. Bg2 d6 6. O-O Nc6 7. Nc3 a6 8. Re1 Rb8 9. e4 Bg4 10. h3 Bxf3 11. Bxf3 e5 12. dxe5 Nxe5 13. Be2 Re8 14. Be3 Qd7 15. Kg2 Qc6 16. f3 Nxc4 17. Bd4 b5 18. b3 Ne5 19. Rc1 Qb7 20. Bf2 Ned7 21. Qd2 Rbd8 22. Red1 Nb6 23. Bxb6 Qxb6 24. Nd5 Nxd5 25. Qxd5 c5 26. f4 Qa5 27. Rc2 Bd4 28. Bf3 Qb4 29. h4 h5 30. Be2 Kg7 31. Bd3 Bf6 32. Be2 Qxe4+ 33. Qxe4 Rxe4 34. Bf3 Rd4 35. Rxd4 Bxd4 36. Bd5 Re8 37. Bb7 a5 38. Bc6 Rb8 39. Kf3 Rb6 40. Bd5 a4 41. Re2 Kf8 42. Ke4 axb3 43. axb3 Ra6 44. Rc2 Ra3 45. Rg2 f5+ 46. Kd3 Bf6 47. Kc2 c4 48. Re2 Rxb3 49. Re6 Bd4 50. Rxg6 Rb2+ 51. Kc1 c3 52. Re6 Bc5 53. Bf3 Rf2 54. Bd1 Ba3+ 55. Kb1 Rb2+ 56. Ka1 c2 0-1

[Event "Mezinarodni sachovy festival PLZEN 2023 – CALLIDITAS OPEN"]
[Site "Plzen (Ceska republika)"]
[Date "2023.08.23"]
[Round "6.3"]
[White "Soural, Jan"]
[Black "Roubal, Matyas"]
[Result "1-0"]
[WhiteElo "2210"]
[BlackElo "1856"]
[PlyCount "61"]
[EventDate "2023.08.19"]

{[%evp 0,61,36,27,22,-20,35,39,32,33,33,36,34,21,21,12,34,5,6,21,14,-8,71,46,46,46,46,38,36,26,65,56,56,56,56,64,80,55,57,46,46,68,31,21,131,105,96,111,122,118,139,139,288,278,393,390,622,512,630,671,778,832,29997,29998]} 1. d4 Nf6 2. c4 g6 3. Nc3 Bg7 4. e4 d6 5. h3 O-O 6. Be3 e5 7. d5 Nfd7 8. g4 f5 9. gxf5 gxf5 10. exf5 Nf6 11. Nge2 Nh5 12. Rg1 Bxf5 13. Ng3 Nxg3 14. Rxg3 Na6 15. Bd3 Qh4 16. Bxf5 Rxf5 17. Qg4 Qxg4 18. hxg4 Rf7 19. Ne4 b5 20. cxb5 Nb4 21. Rd1 Nc2+ 22. Kd2 Nxe3 23. Rxe3 Rb8 24. Rb3 Rf4 25. f3 a6 26. bxa6 Rxb3 27. axb3 Rxf3 28. a7 Rf8 29. Rc1 Ra8 30. Rxc7 Bf8 31. Nf6+ 1-0

[Event "Mezinarodni sachovy festival PLZEN 2023 – CALLIDITAS OPEN"]
[Site "Plzen (Ceska republika)"]
[Date "2023.08.23"]
[Round "6.4"]
[White "Kubat, Miroslav"]
[Black "Mametev, Artem"]
[Result "1-0"]
[WhiteElo "1922"]
[BlackElo "2035"]
[PlyCount "85"]
[EventDate "2023.08.19"]

1. e4 c5 2. Nc3 d6 3. Nge2 g6 4. g3 Bg7 5. Bg2 Nc6 6. d3 e6 7. O-O Nge7 8. Be3 Nd4 9. Qd2 O-O 10. Rab1 Rb8 11. f4 b6 12. g4 f5 13. h3 Bb7 14. Ng3 d5 15. e5 Ndc6 16. Nce2 d4 17. Bf2 Bh6 18. g5 Bg7 19. c3 Qd7 20. cxd4 cxd4 21. b4 a6 22. Rfc1 Rfd8 23. Qb2 b5 24. Nf1 Bf8 25. Nd2 Nd5 26. a3 Nb6 27. Nb3 Na4 28. Qa1 Bxb4 29. axb4 Nxb4 30. Bxb7 Qxb7 31. Na5 Qf3 32. Rxb4 Qxe2 33. Nc6 Qxd3 34. Nxb8 Nc3 35. Re1 Qxh3 36. Qb2 Qg4+ 37. Kh2 Rxb8 38. Rxd4 Ne4 39. Rdxe4 fxe4 40. Rxe4 Rd8 41. Rd4 Rxd4 42. Qxd4 Qe2 43. Qd8+ 1-0

[Event "Mezinarodni sachovy festival PLZEN 2023 – CALLIDITAS OPEN"]
[Site "Plzen (Ceska republika)"]
[Date "2023.08.23"]
[Round "6.5"]
[White "Wawra, Juergen"]
[Black "Velickov, Dominik"]
[Result "1/2-1/2"]
[WhiteElo "1970"]
[BlackElo "1376"]
[PlyCount "89"]
[EventDate "2023.08.19"]

{[%evp 0,89,26,11,47,37,47,36,27,19,60,41,66,57,88,84,79,63,63,58,58,64,64,26,54,56,70,68,65,91,70,68,76,68,87,84,82,61,48,48,42,23,23,-7,-10,-7,0,0,0,-4,0,-20,-26,-33,-39,-43,-34,-34,-29,-41,-23,-23,-16,-16,0,0,0,0,0,0,0,0,2,0,18,20,18,55,53,36,40,36,35,9,14,2,2,4,0,0,0,0]} 1. e4 c5 2. Nf3 Nc6 3. d4 cxd4 4. Nxd4 Nf6 5. Nc3 g6 6. Nxc6 dxc6 7. Qxd8+ Kxd8 8. h3 Be6 9. Be3 Bg7 10. O-O-O+ Nd7 11. Na4 Ke8 12. Kb1 b5 13. Nc5 Nxc5 14. Bxc5 Be5 15. g3 g5 16. Be3 Rg8 17. Be2 Bc7 18. Bg4 Bb6 19. Bxb6 axb6 20. Bxe6 fxe6 21. h4 g4 22. c3 Rf8 23. Rd2 Ra4 24. Re1 e5 25. b3 Ra8 26. Re3 Rd8 27. Rxd8+ Kxd8 28. Re2 Kd7 29. Kc1 Kd6 30. Kd1 h5 31. Rd2+ Ke6 32. Ke2 c5 33. a4 bxa4 34. bxa4 Ra8 35. Rb2 Ra6 36. f3 gxf3+ 37. Kxf3 Kf7 38. g4 hxg4+ 39. Kxg4 Rxa4 40. Kf5 Ra3 41. Rxb6 Rxc3 42. Kxe5 Rh3 43. Rh6 c4 44. Kd4 c3 45. Rc6 1/2-1/2

[Event "Mezinarodni sachovy festival PLZEN 2023 – CALLIDITAS OPEN"]
[Site "Plzen (Ceska republika)"]
[Date "2023.08.23"]
[Round "6.6"]
[White "Mutinsky, Jakub"]
[Black "Hurtak, Otto"]
[Result "0-1"]
[WhiteElo "1658"]
[BlackElo "1949"]
[PlyCount "30"]
[EventDate "2023.08.19"]

1. d4 d5 2. Bf4 c5 3. e3 Nc6 4. Nf3 e6 5. c3 Nf6 6. Nbd2 Bd6 7. Bxd6 Qxd6 8. Bb5 O-O 9. O-O Bd7 10. Re1 Nxd4 11. Nxd4 cxd4 12. Bxd7 dxc3 13. Bxe6 cxd2 14. Bxf7+ Rxf7 15. Qxd2 Ne4 0-1

[Event "Mezinarodni sachovy festival PLZEN 2023 – CALLIDITAS OPEN"]
[Site "Plzen (Ceska republika)"]
[Date "2023.08.23"]
[Round "6.7"]
[White "Seterle, Matej"]
[Black "Olbrich, Joachim"]
[Result "1/2-1/2"]
[WhiteElo "1890"]
[BlackElo "2107"]
[PlyCount "64"]
[EventDate "2023.08.19"]

{[%evp 0,64,26,-21,-13,-31,-41,-34,-16,-54,-58,-58,-30,-18,-17,-25,-21,-18,-18,-11,-14,-14,2,-32,17,21,7,15,14,40,36,-12,-2,5,33,5,7,-39,-58,-82,-111,-82,6,15,15,45,53,-31,-12,-27,14,17,26,26,41,43,46,44,47,31,31,19,40,26,24,33,30]} 1. d3 d5 2. c3 e5 3. Nf3 Nd7 4. Qa4 c6 5. e4 dxe4 6. dxe4 Ngf6 7. Nbd2 Bc5 8. b4 Be7 9. Be2 O-O 10. O-O Qc7 11. Qc2 Rd8 12. Bb2 c5 13. b5 Nf8 14. Nc4 Ng6 15. a4 b6 16. g3 Bb7 17. Bd3 Rd7 18. Rfd1 Rad8 19. Ne3 c4 20. Bxc4 Rxd1+ 21. Rxd1 Rxd1+ 22. Qxd1 Nxe4 23. Nd5 Qd6 24. Nxe7+ Nxe7 25. Qxd6 Nxd6 26. Be2 Bxf3 27. Bxf3 Nc4 28. Bc1 f5 29. Bd1 Na5 30. Bd2 Kf8 31. Bc2 g6 32. Kf1 Nc8 1/2-1/2

[Event "Mezinarodni sachovy festival PLZEN 2023 – CALLIDITAS OPEN"]
[Site "Plzen (Ceska republika)"]
[Date "2023.08.23"]
[Round "6.8"]
[White "Hlavac, Rudolf"]
[Black "Hodl, Vojtech"]
[Result "1-0"]
[WhiteElo "1856"]
[BlackElo "1352"]
[PlyCount "105"]
[EventDate "2023.08.19"]

1. e4 c6 2. d4 d5 3. Nc3 dxe4 4. Nxe4 Nf6 5. Nxf6+ exf6 6. Nf3 Bd6 7. Be2 O-O 8. O-O Re8 9. Be3 Bf5 10. Qd2 Nd7 11. c4 Nf8 12. Rfd1 Qe7 13. c5 Bf4 14. Bxf4 Qxe2 15. Qb4 Qe7 16. d5 cxd5 17. Rxd5 Be4 18. Rd2 Bc6 19. Rd6 Qe4 20. Rd4 Qf5 21. Bd6 Ne6 22. Nh4 Qh5 23. Rd3 Ng5 24. Bg3 Ne4 25. Rc1 Qe2 26. Re3 Nxg3 27. Re1 a5 28. Qc3 Rxe3 29. fxe3 Rd8 30. hxg3 Rd1 31. Rxd1 Qxd1+ 32. Kf2 Bb5 33. g4 Qf1+ 34. Kg3 Bc6 35. Qxa5 h6 36. Qd2 Qc4 37. b4 Qe4 38. Qd4 Qc2 39. a3 Qe2 40. Nf3 Bxf3 41. gxf3 g5 42. e4 Qe1+ 43. Qf2 Qc1 44. b5 Qxa3 45. Qc2 Qa1 46. Kg2 Qa5 47. c6 Qc7 48. b6 Qc8 49. c7 Kf8 50. Qc5+ Ke8 51. Qf5 Qxf5 52. exf5 Kd7 53. Kf2 1-0

[Event "Mezinarodni sachovy festival PLZEN 2023 – CALLIDITAS OPEN"]
[Site "Plzen (Ceska republika)"]
[Date "2023.08.23"]
[Round "6.9"]
[White "Jezek, Jakub"]
[Black "Honcharov, Makar"]
[Result "1-0"]
[WhiteElo "1583"]
[BlackElo "1842"]
[PlyCount "113"]
[EventDate "2023.08.19"]

1. d4 Nf6 2. c4 e6 3. Nf3 b6 4. g3 Bb7 5. Bg2 c5 6. e3 Be7 7. Nc3 cxd4 8. exd4 Qc8 9. b3 O-O 10. Bb2 d5 11. cxd5 Nxd5 12. Rc1 Nxc3 13. Bxc3 Bd5 14. O-O Qb7 15. Qe2 Nd7 16. Bb2 b5 17. Rfd1 Rfb8 18. Rd3 Nb6 19. Rdc3 Nc8 20. Rc7 Qb6 21. Ne5 Bd6 22. Nd7 Qa5 23. Bxd5 Bxc7 24. Bxa8 Rxa8 25. Qf3 Nb6 26. Nxb6 Rf8 27. Nd7 Rd8 28. Qc6 Bb8 29. Nxb8 Rxb8 30. Qc7 Qb6 31. Qxb6 axb6 32. b4 h5 33. Kg2 Ra8 34. a3 Kh7 35. Rc7 Kg6 36. Kf3 Ra6 37. Ke4 Ra4 38. d5 exd5+ 39. Kxd5 Ra8 40. Rc6+ f6 41. Rxb6 Rd8+ 42. Kc5 Rd2 43. Bd4 Kf5 44. Rxb5 Ke4 45. Be3 Rc2+ 46. Kb6 g5 47. Bxg5 fxg5 48. Rxg5 Rxf2 49. Rxh5 Rf6+ 50. Ka5 Rf8 51. b5 Kd4 52. Kb4 Rf1 53. a4 Rb1+ 54. Ka5 Kc4 55. b6 Rf1 56. b7 Rb1 57. Rb5 1-0

[Event "Mezinarodni sachovy festival PLZEN 2023 – CALLIDITAS OPEN"]
[Site "Plzen (Ceska republika)"]
[Date "2023.08.23"]
[Round "6.10"]
[White "Zoufaly, Petr"]
[Black "Ondrejat, Miroslav"]
[Result "1/2-1/2"]
[WhiteElo "1603"]
[BlackElo "1861"]
[PlyCount "20"]
[EventDate "2023.08.19"]

1. d4 d5 2. Nf3 Nf6 3. e3 Bf5 4. c4 c6 5. Nc3 e6 6. Nh4 Bg6 7. g3 Nbd7 8. cxd5 exd5 9. Be2 Bd6 10. a3 a5 1/2-1/2

[Event "Mezinarodni sachovy festival PLZEN 2023 – CALLIDITAS OPEN"]
[Site "Plzen (Ceska republika)"]
[Date "2023.08.23"]
[Round "6.11"]
[White "Kalista, Karel"]
[Black "Chudek, Lubomir"]
[Result "0-1"]
[WhiteElo "1657"]
[BlackElo "1748"]
[PlyCount "38"]
[EventDate "2023.08.19"]

{[%evp 0,38,22,27,27,2,33,33,61,29,12,29,48,67,6,-5,57,68,55,55,60,-9,48,-21,-45,-48,-46,-42,-39,-35,-26,-57,-19,-66,-57,-445,-445,-423,-412,-409,-419]} 1. d4 Nf6 2. c4 g6 3. Nc3 d5 4. Qb3 dxc4 5. Qxc4 Nc6 6. d5 Na5 7. Qd3 b6 8. Nf3 Bg7 9. e4 O-O 10. Be2 e6 11. O-O exd5 12. exd5 Bf5 13. Qd2 Nb7 14. Rd1 Nd6 15. Nd4 Nfe4 16. Qe3 Re8 17. Nc6 Nxc3 18. Qxc3 Bxc3 19. Nxd8 Rxe2 0-1

[Event "Mezinarodni sachovy festival PLZEN 2023 – CALLIDITAS OPEN"]
[Site "Plzen (Ceska republika)"]
[Date "2023.08.23"]
[Round "6.13"]
[White "Sladek, Jaroslav"]
[Black "Krivka, Matej"]
[Result "1/2-1/2"]
[WhiteElo "1840"]
[BlackElo "1572"]
[PlyCount "41"]
[EventDate "2023.08.19"]

{[%evp 0,41,27,11,60,60,47,10,29,8,9,9,22,18,18,-4,-4,-12,-11,-24,-15,-24,-24,-24,-24,-16,-16,-22,-18,-22,-24,-29,-29,-33,-7,-45,-38,-37,-30,-58,-60,-60,-60,-68]} 1. e4 c5 2. Nf3 e6 3. c3 Nf6 4. e5 Nd5 5. d4 cxd4 6. cxd4 d6 7. Bb5+ Bd7 8. Bxd7+ Nxd7 9. O-O dxe5 10. dxe5 Be7 11. Bd2 O-O 12. Nc3 N7b6 13. Qe2 Rc8 14. Rac1 Nxc3 15. Rxc3 Rxc3 16. Bxc3 Nd5 17. Bd2 Qb6 18. Bg5 Bc5 19. a3 a5 20. g3 h6 21. Bf4 1/2-1/2

[Event "Mezinarodni sachovy festival PLZEN 2023 – CALLIDITAS OPEN"]
[Site "Plzen (Ceska republika)"]
[Date "2023.08.23"]
[Round "6.15"]
[White "Souralova, Venuse"]
[Black "Soutner, Jaroslav"]
[Result "0-1"]
[WhiteElo "1405"]
[BlackElo "1695"]
[PlyCount "82"]
[EventDate "2023.08.19"]

{[%evp 0,56,36,-27,13,13,13,8,19,8,17,-8,-1,-12,-10,11,11,11,10,13,0,8,10,4,20,-65,-35,-25,-22,-19,-15,-26,-26,-27,0,-27,-16,-1,27,-28,-3,-163,-178,-174,-170,-183,157,-325,-287,-364,-192,-371,-230,-287,-230,-337,-201,-201,-201]} 1. c4 Nf6 2. Nf3 e6 3. e3 d5 4. Nc3 c5 5. cxd5 exd5 6. Bb5+ Bd7 7. Bxd7+ Nbxd7 8. O-O Be7 9. b3 O-O 10. Bb2 a6 11. Qc2 Bd6 12. Ng5 h6 13. Nf3 Rc8 14. Qd3 Ne5 15. Nxe5 Bxe5 16. f4 Bb8 17. Rf3 d4 18. Ne4 Nd5 19. a3 f5 20. Nxc5 Rxc5 21. Qxd4 Rc7 22. Rg3 Nf6 23. Qb4 a5 24. Qb5 Qd5 25. Qa4 Re7 26. Bc3 Bc7 27. b4 b5 28. Qc2 a4 29. Qb2 Rff7 30. Bxf6 Rxf6 31. Qxf6 Rf7 32. Qc3 g5 33. Rh3 gxf4 34. Rxh6 Rg7 35. e4 fxe4 36. Qh3 Qd4+ 37. Kf1 Qxa1+ 38. Ke2 f3+ 39. gxf3 exf3+ 40. Qxf3 Re7+ 41. Kd3 Qxa3+ 0-1

[Event "Mezinarodni sachovy festival PLZEN 2023 – CALLIDITAS OPEN"]
[Site "Plzen (Ceska republika)"]
[Date "2023.08.23"]
[Round "6.16"]
[White "Krisman, Ondrej"]
[Black "Hajek, Jindrich"]
[Result "1-0"]
[WhiteElo "1603"]
[BlackElo "1517"]
[PlyCount "53"]
[EventDate "2023.08.19"]

{[%evp 0,53,26,33,26,8,14,28,16,-9,11,-3,2,11,8,-2,8,41,36,38,18,42,44,18,23,19,53,71,113,40,85,81,84,114,122,122,136,137,144,132,131,158,164,160,153,151,158,154,219,175,462,463,396,436,460,452]} 1. e4 e5 2. Nf3 Nc6 3. Bb5 a6 4. Ba4 Nf6 5. O-O b5 6. Bb3 Bc5 7. c3 Bb6 8. d4 Qe7 9. a4 Bb7 10. axb5 axb5 11. Rxa8+ Bxa8 12. Na3 d6 13. Nxb5 Na5 14. Ba2 Bxe4 15. Re1 O-O 16. Bg5 Bxf3 17. Qxf3 h6 18. Bh4 g5 19. Bg3 e4 20. Qf5 Kg7 21. h4 Qd7 22. Qxd7 Nxd7 23. Rxe4 Kg6 24. Re7 Nb8 25. Nxc7 Nac6 26. Re8 Rxe8 27. Nxe8 1-0

[Event "Mezinarodni sachovy festival PLZEN 2023 – CALLIDITAS OPEN"]
[Site "Plzen (Ceska republika)"]
[Date "2023.08.23"]
[Round "6.17"]
[White "Krivka, Lukas"]
[Black "Stepanek, Vit"]
[Result "1-0"]
[WhiteElo "1380"]
[BlackElo "1564"]
[PlyCount "71"]
[EventDate "2023.08.19"]

1. d4 Nf6 2. Bf4 d6 3. e3 Bf5 4. Bd3 Bxd3 5. Qxd3 Nbd7 6. Nf3 c5 7. c4 Qb6 8. b3 g6 9. Nc3 Bg7 10. O-O O-O 11. Rfd1 Rac8 12. Rac1 cxd4 13. exd4 Ng4 14. Nd5 Qd8 15. h3 Nh6 16. Qd2 Nf5 17. Ne3 Nxe3 18. Bxe3 e6 19. d5 e5 20. Bh6 Nc5 21. Bxg7 Kxg7 22. Ne1 Qh4 23. Nd3 Ne4 24. Qe3 b6 25. g3 Nxg3 26. Qxg3 Qd4 27. Qe3 Qh4 28. Qg3 Qd4 29. Nb4 Qb2 30. Rc2 Qa3 31. Nc6 Rc7 32. Nxe5 Re7 33. Nc6 Re4 34. Qc3+ Kg8 35. Re1 Rh4 36. Ne7# 1-0